00392 a2200109 4500001001000000005001700010008004100027245004700068100002300115773012700138999001700265ART_2364320260410161932.0260409a 10aEl hombre y la libertad según Sócrates1 aLetizia, Francisco0 tRevista de la Facultad de Ciencias Económicas de la Universidad de Cuyog- Año XXXI, Nº 80 (jul./dic. 1979)wREV22981 c28688d28688